Islands Countries of the World - Statistics

General Stats
  • This quiz has been taken 57 times
    35 since last reset
  • The average score is 39 of 49
Answers on the Map
Answers color-coded by a green-red scale on the quiz's map according to % correct below.
 
Answer Stats
Answer % Correct
Comoros
92%
Australia
88%
Ireland
88%
Japan
88%
New Zealand
88%
Tuvalu
88%
Cape Verde
85%
Cuba
85%
Iceland
85%
Madagascar
85%
Maldives
85%
Malta
85%
Papua New Guinea
85%
Philippines
85%
Seychelles
85%
Taiwan
85%
United Kingdom
85%
Barbados
81%
Dominica
81%
Fiji
81%
Indonesia
81%
Marshall Islands
81%
Palau
81%
Solomon Islands
81%
Sri Lanka
81%
Vanuatu
81%
Bahamas
77%
Cyprus
77%
Cyprus
77%
Dominican Republic
77%
Haiti
77%
Kiribati
77%
Nauru
77%
St Lucia
77%
St Vincent &
77%
Antigua
73%
Jamaica
73%
Mauritius
73%
Micronesia
73%
Samoa
73%
Sao Tome
73%
Tonga
73%
East Timor
69%
Grenada
69%
Singapore
69%
St Kitts
69%
Bahrain
65%
Brunei
65%
Trinidad
62%
No matching quizzes found
Score Distribution
Percent of People with Each Score
Percentile by Number Answered
Your Score History
You have not taken this quiz since the last reset